Statistics for Miss Universe 2015

Click here to take the quiz!

General Stats

  • This quiz has been taken 35 times
  • The average score is 13 of 16

Answer Stats

Miss Universe 2015 Answer % Correct
Runner UpColombia
100%
Top 3USA
100%
WinnerPhilippines
96%
Top 5Australia
96%
Top 5France
96%
Top 10Thailand
89%
Top 15South Africa
85%
Top 10Japan
81%
Top 10Venezuela
81%
Top 15Mexico
81%
Top 15Brazil
78%
Top 10Dominican Republic
74%
Top 15Indonesia
67%
Top 15Belgium
59%
Top 10Curacao
56%

Score Distribution

Percentile by Number Answered

Percent of People with Each Score

Your Score History

You have not taken this quiz